000
00342nam a22001097a 4500
100
_a
Guider
_9
79384
245
_a
मैकेनिेकल इंजीनियरिंग
260
_a
दिल्ली
_b
Guider Competitive Group
_c
2020
650
_a
इंजीनियरिंग
_9
79387
700
_a
Guider
_9
79384
942
_c
HIN
999
_c
62979
_d
62979